Impacts of cooperative on market structure and prices: the case of Central Arecanut and Cocoa Marketing and Processing Co-operative (CAMPCO) Ltd. Karnataka (Record no. 39660)

000 -LEADER
fixed length control field 00620pab a2200181 454500
008 - FIXED-LENGTH DATA ELEMENTS--GENERAL INFORMATION
fixed length control field 180718b1998 xxu||||| |||| 00| 0 eng d
100 ## - MAIN ENTRY--PERSONAL NAME
Personal name Prakash, T.N.
245 ## - TITLE STATEMENT
Title Impacts of cooperative on market structure and prices: the case of Central Arecanut and Cocoa Marketing and Processing Co-operative (CAMPCO) Ltd. Karnataka
260 ## - PUBLICATION, DISTRIBUTION, ETC.
Date of publication, distribution, etc. 1998
300 ## - PHYSICAL DESCRIPTION
Extent p.333-43
362 ## - DATES OF PUBLICATION AND/OR SEQUENTIAL DESIGNATION
Dates of publication and/or sequential designation Jul-Sep
650 ## - SUBJECT ADDED ENTRY--TOPICAL TERM
Topical term or geographic name entry element Agricultural markets - India - Karnataka
650 ## - SUBJECT ADDED ENTRY--TOPICAL TERM
Topical term or geographic name entry element Agricultural markets
700 ## - ADDED ENTRY--PERSONAL NAME
Personal name Achoth, Lalith
700 ## - ADDED ENTRY--PERSONAL NAME
Personal name Urs, Shrijay Devaraj
773 ## - HOST ITEM ENTRY
Main entry heading Indian Journal of Agricultural Economics
909 ## -
-- 39660
Holdings
Withdrawn status Lost status Damaged status Not for loan Permanent Location Current Location Date acquired Serial Enumeration / chronology Barcode Date last seen Price effective from Koha item type
        Indian Institute of Public Administration Indian Institute of Public Administration 2018-07-19 Volume no: 53, Issue no: 3 AR40028 2018-07-19 2018-07-19 Articles

Powered by Koha